|
|
|
|
| LEADER |
00687cam a2200193 7i4500 |
| 001 |
0000004613 |
| 005 |
20191009090000.0 |
| 008 |
100120 eng |
| 020 |
|
|
|a 0521661692 (hbk.)
|
| 090 |
0 |
0 |
|a QA911
|b .C35 2000
|
| 100 |
1 |
|
|a Chapman, C. J
|
| 245 |
1 |
0 |
|a High speed flow
|c C.J. Chapman.
|
| 260 |
|
|
|a Cambridge:
|b Cambridge University Press,
|c 2000.
|
| 300 |
|
|
|a xii, 258 p.:
|b ill.;
|c 24 cm.
|
| 490 |
0 |
|
|a Cambridge texts in applied mathematics
|
| 504 |
|
|
|a Includes bibliographical references and index
|
| 650 |
0 |
0 |
|a Fluid dynamics
|
| 997 |
|
|
|a Engineering & Life Sciences, Faculty
|b Engineering, Department
|
| 999 |
|
|
|a 0000002763
|b BOK
|c OPEN SHELF
|e 2nd Floor, Bestari Jaya
|